000 00498pam a2200181 a 4500
020 _a8131503534
_c599.00
041 _aeng
_hNULL
082 _a612
_bRIZ
100 _aRIZZO, D. C.
245 _aFUNDAMENTALS OF ANATOMY & PHYSIOLOGY (WITH CD) /
_cNULL.
_hTextual Documents
250 _a2 ED /
_b.
260 _aNULL :
_bTHOMSON,DELMAR LEARNING ,
_c2006.
300 _a518 : :
_bXXIX ; ;
_cA4 . +
_ePB.
365 _a599.00
930 _a2215
999 _c796751
_d796751
650 _aPHYSIOLOGY